Free Fallin’ - Tom Petty (Lyrics) - Statistics

General Stats
  • This quiz has been taken 147 times
  • The average score is 112 of 147
Answer Stats
Answer % Correct
free
99%
Free
99%
a
98%
fall
98%
I
98%
I’m
98%
and
97%
And
97%
fallin’
94%
girl
94%
good
92%
She’s
92%
her
91%
loves
91%
Loves
91%
too
91%
boy
87%
Jesus
87%
America
84%
Elvis
84%
in
84%
boyfriend
81%
crazy
81%
bad
80%
‘cause
80%
the
80%
for
79%
‘bout
78%
mama
78%
don’t
77%
Yeah
77%
heart
74%
even
73%
horses
73%
miss
73%
breakin’
71%
It’s
66%
boys
60%
All
59%
all
59%
day
59%
down
59%
girls
58%
livin’
58%
long
56%
through
56%
are
54%
Boulevard
54%
Now
54%
with
54%
broken
53%
home
53%
There’s
53%
freeway
52%
this
52%
gonna
51%
Gonna
51%
hearts
51%
runnin’
50%
west
49%
yard
49%
vampires
48%
Ventura
48%
while
48%
wanna
47%
world
47%
leave
46%
out
46%
valley
46%
sky
44%
into
43%
name
43%
over
43%
write
43%
nothing
42%
shadows
41%
walkin’
38%
Move
37%
Mulholland
37%
standing
36%
Reseda
29%
glide
28%
No matching quizzes found
Score Distribution
Percent of People with Each Score
Percentile by Number Answered
Your Score History
You have not taken this quiz